市区连在一起的地级市 - Statistics

General Stats
  • This quiz has been taken 41 times
    28 since last reset
  • The average score is 107 of 120
Answer Stats
省级行政区 地级行政区 % Correct
辽宁省 沈阳市
100%
辽宁省 辽阳市
100%
吉林省 长春市
100%
吉林省 吉林市
100%
黑龙江省 哈尔滨市
100%
江苏省 南京市
100%
江苏省 徐州市
100%
江苏省 苏州市
100%
江苏省 连云港市
100%
江苏省 扬州市
100%
江苏省 镇江市
100%
江苏省 泰州市
100%
浙江省 杭州市
100%
浙江省 绍兴市
100%
安徽省 芜湖市
100%
福建省 厦门市
100%
福建省 漳州市
100%
福建省 龙岩市
100%
湖北省 武汉市
100%
湖北省 黄石市
100%
湖南省 长沙市
100%
湖南省 湘潭市
100%
广东省 广州市
100%
广东省 深圳市
100%
广东省 珠海市
100%
广东省 汕头市
100%
广东省 佛山市
100%
广东省 江门市
100%
广东省 肇庆市
100%
广东省 梅州市
100%
广东省 潮州市
100%
广东省 揭阳市
100%
广西壮族自治区 南宁市
100%
广西壮族自治区 柳州市
100%
河北省 邯郸市
92%
山西省 太原市
92%
山西省 晋中市
92%
辽宁省 抚顺市
92%
辽宁省 锦州市
92%
辽宁省 盘锦市
92%
辽宁省 葫芦岛市
92%
江苏省 无锡市
92%
江苏省 常州市
92%
浙江省 嘉兴市
92%
浙江省 湖州市
92%
安徽省 蚌埠市
92%
安徽省 马鞍山市
92%
安徽省 铜陵市
92%
安徽省 滁州市
92%
安徽省 宣城市
92%
福建省 南平市
92%
江西省 鹰潭市
92%
江西省 抚州市
92%
山东省 济南市
92%
山东省 东营市
92%
河南省 安阳市
92%
湖北省 鄂州市
92%
湖北省 孝感市
92%
湖北省 黄冈市
92%
湖北省 咸宁市
92%
湖南省 株洲市
92%
湖南省 益阳市
92%
广东省 惠州市
92%
广东省 清远市
92%
广东省 云浮市
92%
四川省 成都市
92%
陕西省 西安市
92%
陕西省 宝鸡市
92%
陕西省 咸阳市
92%
青海省 西宁市
92%
青海省 海东市
92%
宁夏回族自治区 石嘴山市
92%
河北省 邢台市
85%
辽宁省 鞍山市
85%
辽宁省 本溪市
85%
辽宁省 营口市
85%
吉林省 白山市
85%
黑龙江省 鹤岗市
85%
安徽省 亳州市
85%
福建省 三明市
85%
山东省 青岛市
85%
山东省 淄博市
85%
山东省 枣庄市
85%
山东省 烟台市
85%
山东省 威海市
85%
山东省 日照市
85%
山东省 滨州市
85%
河南省 鹤壁市
85%
广西壮族自治区 防城港市
85%
广西壮族自治区 钦州市
85%
广西壮族自治区 贵港市
85%
四川省 绵阳市
85%
贵州省 贵阳市
85%
陕西省 渭南市
85%
甘肃省 天水市
85%
新疆维吾尔自治区 乌鲁木齐市
85%
内蒙古自治区 乌海市
77%
吉林省 通化市
77%
黑龙江省 绥化市
77%
安徽省 淮南市
77%
安徽省 淮北市
77%
安徽省 宿州市
77%
安徽省 池州市
77%
山东省 泰安市
77%
河南省 商丘市
77%
广西壮族自治区 河池市
77%
云南省 昆明市
77%
云南省 玉溪市
77%
甘肃省 白银市
77%
宁夏回族自治区 中卫市
77%
黑龙江省 伊春市
69%
安徽省 安庆市
69%
广西壮族自治区 来宾市
69%
四川省 德阳市
69%
四川省 眉山市
69%
四川省 宜宾市
69%
贵州省 安顺市
69%
新疆维吾尔自治区 吐鲁番市
69%
四川省 自贡市
62%
四川省 内江市
62%
No matching quizzes found
Score Distribution
Percent of People with Each Score
Percentile by Number Answered
Your Score History
You have not taken this quiz since the last reset